[Event "Grand Prix Action"]
[Site "Farmington Hills, Mich."]
[Date "1991.06.30"]
[Round "5"]
[White "Mellen, Steve"]
[Black "Moody, David"]
[Result "0-1"]
[WhiteElo "1902"]
[BlackElo "2044"]
[PlyCount "98"]
[EventDate "1991.06.30"]

1. Nf3 e6 2. Nd4 e5 3. Nf3 e4 4. Nd4 c5 5. Nb3 d5 6. d3 f5 7. dxe4 fxe4 8. Nc3
Be6 9. Bf4 Nc6 10. e3 Be7 11. Be2 Nf6 12. O-O O-O 13. f3 Qe8 14. Nb5 Qf7 15.
Nd6 Qg6 16. Nxc5 Bh3 17. Rf2 Nh5 18. Qxd5+ Kh8 19. Ndxe4 Nxf4 20. exf4 Rf5 21.
Qc4 Rxf4 22. Qc3 b6 23. Nd3 Rff8 24. Ne5 Nxe5 25. Qxe5 Bh4 26. g3 Rae8 27. Qd6
Qxd6 28. Nxd6 Re6 29. Ne4 Be7 30. Bd3 Rxe4 31. Bxe4 Bc5 32. Rd1 g5 33. Rd7 g4
34. f4 Re8 35. Rxh7+ Kg8 36. Rxh3 gxh3 37. Bd3 Re1+ 38. Bf1 Kf7 39. c4 Rd1 40.
a3 Rd2 41. Bxh3 Rxf2 42. Kh1 Rxb2 43. g4 Bxa3 44. g5 Bc5 45. Bc8 a5 46. h4 a4
47. f5 a3 48. Be6+ Kf8 49. g6 a2 0-1

[Event "Action Grand Prix"]
[Site "?"]
[Date "1991.06.30"]
[Round "2.10"]
[White "Hickey, Gene"]
[Black "Aldrich, Jeff"]
[Result "0-1"]
[WhiteElo "1967"]
[BlackElo "1725"]
[PlyCount "84"]
[EventDate "1991.??.??"]

1. d4 d5 2. e4 c6 3. Nc3 dxe4 4. f3 exf3 5. Nxf3 Nd7 6. Bc4 e6 7. O-O Ngf6 8.
Bg5 Be7 9. Qe1 O-O 10. Rd1 b5 11. Bd3 Bb7 12. Qh4 Re8 13. Ne5 g6 14. Nxd7 Nxd7
15. Rxf7 h5 16. Bxg6 Bxg5 17. Qxh5 Be3+ 18. Kh1 Nf6 19. Rxf6 Qxf6 20. Qh7+ Kf8
21. Ne4 Qf4 22. Qh8+ Ke7 23. Qg7+ Kd8 24. Bxe8 Qc7 25. Bf7 Qe7 26. Nc5 Bc8 27.
Re1 Bh6 28. Qg8+ Qf8 29. Qg6 Qg7 30. Nxe6+ Bxe6 31. Qxe6 Kc7 32. d5 cxd5 33.
Qxd5 Qg5 34. Qe6 Bf8 35. Bg6 Rd8 36. Be4 Rd6 37. Qf7+ Qe7 38. Qb3 Qxe4 39. Qc3+
Qc6 40. Qg3 Kb7 41. h3 Rg6 42. Qf4 Qxg2# 0-1

[Event "Grand Prix Action"]
[Site "Farmington Hills, Mich."]
[Date "1991.06.30"]
[Round "3"]
[White "Grossman, Jay"]
[Black "Moody, David"]
[Result "1-0"]
[WhiteElo "1820"]
[BlackElo "2044"]
[PlyCount "69"]
[EventDate "1991.06.30"]

1. e4 e5 2. Nf3 Nc6 3. Bb5 a6 4. Ba4 Nf6 5. O-O Be7 6. Re1 b5 7. Bb3 O-O 8. c3
d5 9. exd5 Nxd5 10. Nxe5 Nxe5 11. Rxe5 c6 12. Re1 Bd6 13. Bxd5 cxd5 14. d4 Qh4
15. g3 Qh3 16. Qf3 Bf5 17. Qg2 Qh5 18. Nd2 Rae8 19. Re3 Bh3 20. Qf3 Bg4 21. Qg2
Rxe3 22. fxe3 Re8 23. Nf1 Bh3 24. Qf2 Qd1 25. b3 Ba3 26. Bb2 Qd3 27. Bxa3 Re6
28. Qf4 h6 29. Qh4 Bxf1 30. Rxf1 Qxe3+ 31. Kg2 Qxc3 32. Rf2 Re4 33. Qh5 Qxd4
34. Qxf7+ Kh8 35. Bb2 1-0

[Event "Afternoon Action Class"]
[Site "Farmington Hills, Mich."]
[Date "1991.06.30"]
[Round "2"]
[White "Baze, Lineas"]
[Black "Moody, David"]
[Result "1-0"]
[WhiteElo "2059"]
[BlackElo "2044"]
[PlyCount "45"]
[EventDate "1991.06.30"]

1. e4 e5 2. Nf3 Nc6 3. Bc4 Nf6 4. d4 exd4 5. O-O Bc5 6. e5 d5 7. exf6 dxc4 8.
Re1+ Be6 9. Ng5 Qd5 10. Nc3 Qf5 11. g4 Qg6 12. Nce4 Bb6 13. f4 gxf6 14. f5 Qg7
15. fxe6 fxg5 16. exf7+ Kxf7 17. Qf3+ Ke8 18. Nd6+ Kd7 19. Qf5+ Kxd6 20. Re6+
Kd7 21. Rg6+ Ke8 22. Rxg7 d3+ 23. Kg2 1-0

[Event "Action Grand Prix"]
[Site "?"]
[Date "1991.06.30"]
[Round "3.11"]
[White "Aldrich, Jeff"]
[Black "Yaure, Chris"]
[Result "0-1"]
[WhiteElo "1725"]
[BlackElo "1971"]
[PlyCount "68"]
[EventDate "1991.??.??"]

1. d4 Nf6 2. c4 g6 3. Nc3 Bg7 4. e4 d6 5. f4 O-O 6. Nf3 c6 7. Bd3 Qc7 8. O-O
Nbd7 9. Qc2 e5 10. dxe5 dxe5 11. fxe5 Nxe5 12. Nxe5 Qxe5 13. Bf4 Qc5+ 14. Kh1
Ng4 15. Na4 Qh5 16. Rae1 Bd4 17. Bg3 Ne3 18. Rxe3 Bxe3 19. Be2 Bg4 20. Bxg4
Qxg4 21. Be5 Rad8 22. h3 Qg5 23. Bf6 Qa5 24. Bxd8 Rxd8 25. Qb3 Bb6 26. Nxb6
Qxb6 27. Qf3 Rd7 28. e5 Re7 29. e6 f5 30. g4 Rxe6 31. gxf5 Rf6 32. Qg2 Qe3 33.
Qf2 Qxh3+ 34. Qh2 Qxf1+ 0-1

[Event "Action Grand Prix"]
[Site "?"]
[Date "1991.06.30"]
[Round "5.12"]
[White "Aldrich, Jeff"]
[Black "Roberts, Kenneth"]
[Result "1-0"]
[WhiteElo "1725"]
[BlackElo "1867"]
[PlyCount "51"]
[EventDate "1991.??.??"]

1. d4 Nf6 2. c4 e6 3. Nc3 Bb4 4. Qc2 O-O 5. Bg5 d5 6. e3 c5 7. a3 Bxc3+ 8. bxc3
h6 9. Bh4 b6 10. cxd5 exd5 11. Rb1 c4 12. Nf3 Qd6 13. a4 Ne4 14. Bxc4 g5 15.
Bg3 Nxg3 16. hxg3 dxc4 17. Nxg5 f5 18. Nf3 Nc6 19. Qe2 Qe6 20. Rb5 Ne7 21. Re5
Qc6 22. Rxe7 Qxa4 23. Rxh6 Qa1+ 24. Qd1 Qxc3+ 25. Nd2 Qb4 26. Rg6+ 1-0

[Event "Action Grand Prix"]
[Site "?"]
[Date "1991.06.30"]
[Round "1.10"]
[White "Aldrich, Jeff"]
[Black "Chehayeb, Sal"]
[Result "0-1"]
[WhiteElo "1725"]
[BlackElo "2119"]
[PlyCount "53"]
[EventDate "1991.??.??"]

1. d4 Nf6 2. c4 g6 3. Nc3 Bg7 4. Nf3 d6 5. e4 O-O 6. Be2 Nc6 7. O-O e5 8. d5
Ne7 9. b4 Ne8 10. Be3 f5 11. exf5 gxf5 12. Rc1 f4 13. Bd2 Ng6 14. Bd3 Nh4 15.
h3 Kh8 16. Ne4 Bh6 17. Kh2 Rg8 18. Rg1 Nf5 19. Bc3 Rg6 20. c5 Bg7 21. Neg5 Rxg5
22. Nxg5 Qxg5 23. cxd6 cxd6 24. Qe2 Nf6 25. Bb2 Nxd5 26. Be4 Nf6 27. Rc7 0-1

[Event "Lansing July Mini-Swiss.2"]
[Site "?"]
[Date "1991.07.14"]
[Round "1"]
[White "Schoonmaker, John"]
[Black "Aldrich, Jeff"]
[Result "1-0"]
[WhiteElo "1995"]
[BlackElo "1837"]
[PlyCount "169"]
[EventDate "1991.??.??"]

1. d4 d5 2. Nf3 Nf6 3. e3 Bg4 4. c4 e6 5. Qb3 b6 6. Ne5 Bf5 7. Nc3 Be7 8. cxd5
exd5 9. Bb5+ Bd7 10. Nxd7 Nbxd7 11. Bc6 Rb8 12. Nxd5 O-O 13. Nxe7+ Qxe7 14. O-O
Qd6 15. Bf3 c5 16. Qa3 Qc7 17. dxc5 Nxc5 18. b4 Ne6 19. Bb2 Ng5 20. Be2 Nge4
21. Rac1 Qe7 22. b5 Nc5 23. Bd4 Rbc8 24. Rc2 Rc7 25. Rfc1 Rfc8 26. Bf3 Nfe4 27.
h3 Qd7 28. Bxe4 Nxe4 29. Rxc7 Rxc7 30. Rxc7 Qxc7 31. Qb2 f6 32. Qb3+ Qf7 33.
Qxf7+ Kxf7 34. f3 Nd6 35. a4 Ke6 36. e4 g6 37. Kf2 Nb7 38. Ke3 f5 39. g4 Nd6
40. Kd3 fxe4+ 41. fxe4 Nf7 42. Bc3 Ng5 43. h4 Nf3 44. h5 Nh2 45. hxg6 hxg6 46.
g5 Nf3 47. Bf6 Nh2 48. Bd4 Nf3 49. a5 Kd6 50. axb6 axb6 51. Bxb6 Nxg5 52. Be3
Ne6 53. b6 Kc6 54. Kc4 Nf8 55. Kb4 Kb7 56. Kc5 Nd7+ 57. Kd6 Kc8 58. b7+ Kd8 59.
Ba7 g5 60. b8=Q+ Nxb8 61. Bxb8 g4 62. Ke6 Ke8 63. Kf5 Kd7 64. Kxg4 Kc8 65. Bf4
Kd7 66. Kf5 Ke7 67. Ke5 Kd7 68. Kf6 Ke8 69. e5 Kf8 70. e6 Ke8 71. Bh6 Kd8 72.
Kf7 Kc7 73. e7 Kd6 74. e8=Q Kd5 75. Qe6+ Kd4 76. Kf6 Kd3 77. Qe5 Kc4 78. Ke6
Kd3 79. Kd5 Kc2 80. Qd4 Kb3 81. Qc4+ Kb2 82. Kd4 Kb1 83. Qe2 Ka1 84. Kc3 Kb1
85. Qb2# 1-0

[Event "Lansing July Mini-Swiss.2"]
[Site "?"]
[Date "1991.07.14"]
[Round "2"]
[White "Aldrich, Jeff"]
[Black "Haakonstad, Olaf"]
[Result "1-0"]
[WhiteElo "1837"]
[BlackElo "1904"]
[PlyCount "89"]
[EventDate "1991.??.??"]

1. d4 Nf6 2. c4 e6 3. Nc3 Bb4 4. Qc2 d5 5. Bg5 h6 6. Bh4 c5 7. a3 Qa5 8. Bxf6
gxf6 9. Nf3 e5 10. e3 Bd7 11. O-O-O Bxc3 12. Qxc3 Qxc3+ 13. bxc3 Ba4 14. Rd2 e4
15. Nh4 cxd4 16. cxd4 Nd7 17. Nf5 Nb6 18. c5 Nc8 19. Rb2 b6 20. Bb5+ Bxb5 21.
Rxb5 a6 22. Rb2 b5 23. f3 Ne7 24. Nd6+ Kf8 25. fxe4 dxe4 26. Rf1 f5 27. Rbf2
Rg8 28. Nxf5 Nxf5 29. Rxf5 Ra7 30. g3 a5 31. c6 b4 32. axb4 axb4 33. Kb2 Rg6
34. Rc1 Rc7 35. d5 Ke7 36. Rc5 Kd6 37. Rb5 Rg5 38. Rf6+ Ke7 39. Rxh6 Rg6 40.
Rxg6 fxg6 41. Rb7 Kd6 42. Rxc7 Kxc7 43. Kb3 Kd6 44. Kxb4 Kxd5 45. c7 1-0

[Event "Lansing July Mini-Swiss.2"]
[Site "?"]
[Date "1991.07.14"]
[Round "3"]
[White "Aldrich, Jeff"]
[Black "Brattin, Brian"]
[Result "1-0"]
[WhiteElo "1837"]
[BlackElo "2014"]
[PlyCount "131"]
[EventDate "1991.??.??"]

1. d4 e6 2. c4 b6 3. Nc3 Bb7 4. e4 f5 5. Bd3 Nf6 6. Bg5 Bb4 7. f3 fxe4 8. fxe4
O-O 9. Nf3 Qe8 10. Qe2 d5 11. e5 Ne4 12. Rc1 Rxf3 13. Bxe4 Rf8 14. Bf3 Qg6 15.
Bd2 Ba6 16. b3 Nd7 17. Bh5 Qf5 18. g4 Qf3 19. Qxf3 Rxf3 20. g5 Rff8 21. Nb5
Bxd2+ 22. Kxd2 Rac8 23. Bg4 Rfe8 24. Nxa7 Ra8 25. Nc6 Bb7 26. cxd5 Rxa2+ 27.
Rc2 Rxc2+ 28. Kxc2 Bxc6 29. dxc6 Nb8 30. Kd3 Nxc6 31. Rc1 Nb4+ 32. Kc4 Nd5 33.
Bxe6+ Rxe6 34. Kxd5 Rg6 35. h4 c5 36. dxc5 bxc5 37. Rxc5 Rb6 38. Rc3 h6 39.
gxh6 Rxh6 40. Rh3 Kf7 41. Rf3+ Ke7 42. Rf4 Rh5 43. Rg4 g6 44. b4 Rh8 45. b5
Rd8+ 46. Kc6 Rc8+ 47. Kb7 Rc5 48. b6 Rxe5 49. Rxg6 Rh5 50. Rg4 Kd7 51. Ra4 Rh7
52. Ra7 Kd6+ 53. Ka6 Rxh4 54. Rg7 Rh1 55. b7 Ra1+ 56. Kb5 Rb1+ 57. Ka6 Ra1+ 58.
Kb6 Rb1+ 59. Ka7 Ra1+ 60. Kb8 Rc1 61. Rg6+ Kd7 62. Ra6 Rb1 63. Ra2 Kc6 64. Ra6+
Kd7 65. Ra7 Kc6 66. Ka8 1-0

[Event "US Open Warmup Grand Prix"]
[Site "Los Angeles, Calif."]
[Date "1991.07.28"]
[Round "3"]
[White "Peterson, Andrea"]
[Black "Moody, David"]
[Result "0-1"]
[WhiteElo "1563"]
[BlackElo "2044"]
[PlyCount "36"]
[EventDate "1991.07.28"]

1. e4 e5 2. Nf3 Nc6 3. Nc3 Nf6 4. Bc4 Nxe4 5. Nxe4 d5 6. Bxd5 Qxd5 7. Nc3 Qd8
8. O-O Bg4 9. h3 Bh5 10. Qe2 Bd6 11. Qe3 Qe7 12. Nd5 Qe6 13. c4 Bxf3 14. Qxf3
Nd4 15. Qd3 O-O-O 16. Nf4 exf4 17. Qxd4 f3 18. g3 Qxh3 0-1

[Event "US Open Warmup Grand Prix"]
[Site "Los Angeles, Calif."]
[Date "1991.07.28"]
[Round "2"]
[White "Moody, David"]
[Black "Shannon, Paul"]
[Result "0-1"]
[WhiteElo "2044"]
[BlackElo "2146"]
[PlyCount "72"]
[EventDate "1991.07.28"]

1. e4 e5 2. Nf3 Nf6 3. Bc4 Nxe4 4. Nc3 Nd6 5. Bb3 Nc6 6. Qe2 Be7 7. Nxe5 Nxe5
8. Qxe5 O-O 9. O-O Bf6 10. Qh5 b6 11. d3 Bb7 12. Bf4 g6 13. Qh3 Nf5 14. Nd5
Bxd5 15. Bxd5 c6 16. Be4 Nd4 17. Bh6 Re8 18. c3 Ne6 19. f4 Nc5 20. f5 Nxe4 21.
dxe4 Rxe4 22. fxg6 fxg6 23. Rad1 d5 24. Qf3 Re6 25. Bg5 Kg7 26. Bh6+ Kh8 27.
Qg4 Qe7 28. Rxf6 Rxf6 29. Bg5 Qc5+ 30. Kh1 Rf5 31. h4 Raf8 32. Qe2 Qf2 33. Qe7
Qg3 34. Rg1 R5f7 35. Qe6 Kg7 36. Be7 Re8 0-1

[Event "U.S. Open"]
[Site "Los Angeles, Calif."]
[Date "1991.07.28"]
[Round "1"]
[White "Moody, David"]
[Black "Davidson, Mike"]
[Result "0-1"]
[WhiteElo "2044"]
[BlackElo "1460"]
[PlyCount "66"]
[EventDate "1991.07.28"]

1. e4 e6 2. d4 d5 3. Nc3 Nf6 4. Bg5 Be7 5. e5 Ng8 6. h4 Bxg5 7. hxg5 Qxg5 8.
Nh3 Qe7 9. Qg4 f5 10. Qh5+ g6 11. Qg5 b6 12. Be2 Ba6 13. Qxe7+ Kxe7 14. Ng5
Bxe2 15. Nxe2 Nd7 16. Rxh7+ Rxh7 17. Nxh7 Nh6 18. Nf4 Rg8 19. Ng5 Nf8 20. c4 c6
21. cxd5 cxd5 22. Rc1 Kd7 23. Ke2 Rg7 24. Rc7+ Kxc7 25. Ngxe6+ Nxe6 26. Nxe6+
Kd7 27. Nxg7 Ke7 28. Ke3 Kf7 29. Kf4 Kxg7 30. f3 Ng8 31. g4 fxg4 32. Kxg4 Ne7
33. f4 Nf5 0-1

[Event "US Open Warmup Grand Prix"]
[Site "Los Angeles, Calif."]
[Date "1991.07.28"]
[Round "4"]
[White "Liebhaber, Paul"]
[Black "Moody, David"]
[Result "1-0"]
[WhiteElo "2048"]
[BlackElo "2044"]
[PlyCount "65"]
[EventDate "1991.07.28"]

1. g3 e5 2. e4 d5 3. exd5 Qxd5 4. Qf3 Be6 5. Bg2 c6 6. Qxd5 Bxd5 7. Bxd5 cxd5
8. Ne2 Nc6 9. O-O Bc5 10. a3 Rc8 11. b4 Nd4 12. Nxd4 Bxd4 13. Ra2 Nf6 14. c3
Bb6 15. a4 a6 16. a5 Ba7 17. Kg2 Kd7 18. d3 d4 19. c4 e4 20. Bg5 exd3 21. Bxf6
gxf6 22. c5 Kc6 23. Na3 Bxc5 24. bxc5 Kxc5 25. Rd2 Kb4 26. Rxd3 Rc3 27. Rxd4+
Kxa3 28. Rd7 Rb8 29. Rxf7 b5 30. axb6 Rxb6 31. Rxh7 a5 32. Ra7 Rb2 33. Ra1+ 1-0

[Event "John Rykowski Memorial Grand Prix"]
[Site "Los Angeles, Calif."]
[Date "1991.07.29"]
[Round "1"]
[White "Moody, David"]
[Black "Patel, Kash"]
[Result "1-0"]
[WhiteElo "2044"]
[BlackElo "2248"]
[PlyCount "89"]
[EventDate "1991.07.29"]

1. e4 c5 2. Nf3 d6 3. d4 cxd4 4. Nxd4 Nf6 5. Nc3 a6 6. Bg5 e6 7. f4 Be7 8. Qf3
Qc7 9. O-O-O Nbd7 10. Bd3 b5 11. Rhe1 Bb7 12. Qh3 b4 13. Nd5 exd5 14. exd5 g6
15. Qh4 Kd8 16. Rxe7 Kxe7 17. Bxf6+ Nxf6 18. Re1+ Kd7 19. Qxf6 Rae8 20. Qxf7+
Kd8 21. Rxe8+ Rxe8 22. Ne6+ Rxe6 23. dxe6 Qxf7 24. exf7 Ke7 25. g3 Kxf7 26. Kd2
a5 27. Ke3 h6 28. Kd4 g5 29. fxg5 hxg5 30. Kc4 Bc6 31. h4 gxh4 32. gxh4 Kf6 33.
Kd4 Be8 34. Kd5 Ke7 35. Be2 Bf7+ 36. Kc6 Bxa2 37. b3 Bb1 38. Bd1 Ke6 39. Kb5 d5
40. Kxa5 d4 41. Kxb4 d3 42. Kc3 dxc2 43. Bxc2 Ba2 44. b4 Bd5 45. Bb3 1-0

[Event "John Rykowski Memorial Grand Prix"]
[Site "Los Angeles, Calif."]
[Date "1991.07.29"]
[Round "4"]
[White "Moody, David"]
[Black "Garmendez, Carlos"]
[Result "0-1"]
[WhiteElo "2044"]
[BlackElo "2250"]
[PlyCount "58"]
[EventDate "1991.07.29"]

1. e4 d6 2. d4 g6 3. Nc3 Bg7 4. Nf3 Bg4 5. Be2 c6 6. Bg5 Bxf3 7. Bxf3 Qb6 8.
Ne2 Qxb2 9. Rb1 Qxa2 10. Rxb7 Qa6 11. Rb3 Nd7 12. Qb1 Ngf6 13. O-O O-O 14. Re1
Rfb8 15. e5 dxe5 16. dxe5 Rxb3 17. Qxb3 Nxe5 18. Nd4 Nxf3+ 19. Qxf3 Qa5 20. Qe3
Nd5 21. Nxc6 Nxe3 22. Nxa5 Nxc2 23. Rxe7 Nd4 24. h3 h6 25. Be3 Nf5 26. Rc7 a6
27. Bd2 Rd8 28. Bc3 Rd1+ 29. Kh2 Rc1 0-1

[Event "U.S. Open"]
[Site "Los Angeles, Calif."]
[Date "1991.07.29"]
[Round "2"]
[White "Markowski, Alina"]
[Black "Moody, David"]
[Result "1-0"]
[WhiteElo "1677"]
[BlackElo "2044"]
[PlyCount "47"]
[EventDate "1991.07.28"]

1. e4 e5 2. Nf3 Nc6 3. Bb5 a6 4. Ba4 Nf6 5. d4 b5 6. Bb3 exd4 7. O-O Be7 8. Re1
O-O 9. e5 Ne8 10. Nxd4 Bb7 11. Nf5 Na5 12. Qg4 Kh8 13. Nc3 Nxb3 14. cxb3 Rg8
15. Re3 g6 16. Nh6 Rf8 17. Rh3 d6 18. exd6 Qxd6 19. Bf4 Qd4 20. Rd1 Qg7 21. Re3
Bc5 22. Red3 Nf6 23. Qg5 Rae8 24. Qxc5 1-0

[Event "John Rykowski Memorial Grand Prix"]
[Site "Los Angeles, Calif."]
[Date "1991.07.29"]
[Round "3"]
[White "Liebhaber, Paul"]
[Black "Moody, David"]
[Result "0-1"]
[WhiteElo "2048"]
[BlackElo "2044"]
[PlyCount "86"]
[EventDate "1991.07.29"]

1. e4 e5 2. Nf3 Nc6 3. Nc3 Nf6 4. d4 exd4 5. Nd5 d6 6. Nxd4 Be7 7. Bb5 Bd7 8.
O-O O-O 9. Bxc6 bxc6 10. Nxe7+ Qxe7 11. f3 Rab8 12. b3 Qe5 13. Be3 Nd5 14. Bf2
Nf4 15. Ne2 Nxe2+ 16. Qxe2 c5 17. Bg3 Qd4+ 18. Qf2 f5 19. Qxd4 cxd4 20. exf5
Bxf5 21. Rf2 Rb5 22. Rd1 Re8 23. Kf1 Rc5 24. Rxd4 Bxc2 25. Re2 Rxe2 26. Kxe2
Bb1 27. Rb4 Bxa2 28. Rb7 a5 29. Kd3 Bb1+ 30. Kd4 Kf8 31. Rxc7 Rxc7 32. Bxd6+
Re7 33. b4 axb4 34. Bxb4 Kf7 35. Bxe7 Kxe7 36. Ke5 Bd3 37. g4 Be2 38. h3 Bxf3
39. Kf5 Bg2 40. h4 Bh3 41. Kg5 Ke6 42. Kh5 Kf6 43. g5+ Kf5 0-1

[Event "John Rykowski Memorial Grand Prix"]
[Site "Los Angeles, Calif."]
[Date "1991.07.29"]
[Round "2"]
[White "Garmendez, Florentino"]
[Black "Moody, David"]
[Result "1-0"]
[WhiteElo "2436"]
[BlackElo "2044"]
[PlyCount "75"]
[EventDate "1991.07.29"]

1. e4 e5 2. Nf3 Nc6 3. Bb5 a6 4. Ba4 Nf6 5. O-O Be7 6. Re1 b5 7. Bb3 O-O 8. d4
d6 9. c3 Bg4 10. Be3 Na5 11. Bc2 Nc4 12. Bc1 c5 13. b3 Na5 14. d5 Ne8 15. Nbd2
Bg5 16. Nf1 Bxc1 17. Rxc1 g6 18. h3 Bd7 19. g4 Ng7 20. Qd2 f6 21. Qh6 Qe7 22.
Ng3 Nb7 23. Kh2 Nd8 24. Qe3 Nb7 25. Rg1 a5 26. Rg2 b4 27. c4 a4 28. Rcg1 axb3
29. axb3 Ra2 30. Bd1 Rf7 31. Nf5 gxf5 32. gxf5 Bxf5 33. exf5 e4 34. Rg4 Kf8 35.
Rxe4 Nxf5 36. Rxe7 Rxe7 37. Qd3 Rxf2+ 38. Rg2 1-0

[Event "US Open Tuesday Quads"]
[Site "Los Angeles, Calif."]
[Date "1991.07.30"]
[Round "2"]
[White "Moody, David"]
[Black "Manion, Josh"]
[Result "1-0"]
[WhiteElo "2044"]
[BlackElo "2090"]
[PlyCount "35"]
[EventDate "1991.07.30"]

1. e4 g6 2. d4 Bg7 3. Bc4 d6 4. Nf3 c6 5. Nc3 Nf6 6. Bg5 Nbd7 7. Qe2 Qa5 8.
O-O-O b5 9. Bxf7+ Kxf7 10. e5 b4 11. exf6 exf6 12. Rhe1 Ne5 13. dxe5 bxc3 14.
exf6 cxb2+ 15. Kb1 Bxf6 16. Bxf6 Kxf6 17. Qe7+ Kf5 18. Qg5# 1-0

[Event "US Open Tuesday Quads"]
[Site "Los Angeles, Calif."]
[Date "1991.07.30"]
[Round "3"]
[White "Liebhaber, Paul"]
[Black "Moody, David"]
[Result "0-1"]
[WhiteElo "2048"]
[BlackElo "2044"]
[PlyCount "50"]
[EventDate "1991.07.30"]

1. e4 e5 2. Nf3 Nc6 3. Nc3 Nf6 4. g3 Bc5 5. Bg2 d6 6. O-O Bg4 7. d3 Qd7 8. Nd5
Nxd5 9. exd5 Ne7 10. c4 O-O-O 11. Be3 Bb6 12. a4 f5 13. a5 Bxe3 14. fxe3 e4 15.
dxe4 fxe4 16. Qd4 exf3 17. Qxa7 Qf5 18. Qa8+ Kd7 19. Qxb7 Rb8 20. Qa7 Rxb2 21.
Bxf3 Bxf3 22. Rf2 Rxf2 23. Kxf2 Qc2+ 24. Kxf3 Rf8+ 25. Kg4 Qf5+ 0-1

[Event "US Open Tuesday Quads"]
[Site "Los Angeles, Calif."]
[Date "1991.07.30"]
[Round "1"]
[White "Henderson, Richard"]
[Black "Moody, David"]
[Result "0-1"]
[WhiteElo "2099"]
[BlackElo "2044"]
[PlyCount "54"]
[EventDate "1991.07.30"]

1. e4 e5 2. Nf3 Nc6 3. Bb5 a6 4. Ba4 Nf6 5. O-O Be7 6. Bxc6 dxc6 7. Re1 Bg4 8.
h3 Bxf3 9. Qxf3 Qd7 10. d3 O-O-O 11. Nd2 Qe6 12. Nc4 Nd7 13. a4 g6 14. Bd2 f5
15. exf5 gxf5 16. b4 Bf6 17. Rab1 e4 18. Qe2 Rhg8 19. Kf1 Ne5 20. Nxe5 Bxe5 21.
b5 exd3 22. cxd3 Qd5 23. f4 Bd4 24. bxa6 bxa6 25. Rb4 Bc5 26. Rc4 Rde8 27. Qf3
Qxf3+ 0-1

[Event "U.S. Open"]
[Site "Los Angeles, Calif."]
[Date "1991.07.30"]
[Round "3"]
[White "Belcher, Edward"]
[Black "Moody, David"]
[Result "0-1"]
[WhiteElo "1639"]
[BlackElo "2044"]
[PlyCount "58"]
[EventDate "1991.07.28"]

1. d4 Nf6 2. c4 c5 3. d5 e6 4. Nc3 exd5 5. cxd5 d6 6. e4 g6 7. Nf3 Bg7 8. Be2
O-O 9. O-O Re8 10. Nd2 a6 11. a4 Nbd7 12. f3 Nh5 13. Nc4 Qh4 14. Qe1 Qe7 15. a5
Rb8 16. Be3 b5 17. axb6 Nxb6 18. Nxb6 Rxb6 19. Na4 Rb3 20. Bc4 Rxe3 21. Qd2 Bd4
22. Kh1 Ng3+ 23. hxg3 Qg5 24. Rf2 Qxg3 25. Kg1 Re5 26. Ra3 Rxa3 27. bxa3 Rh5
28. Nb2 Rh2 29. Kf1 Rh1+ 0-1

[Event "U.S. Open"]
[Site "Los Angeles, Calif."]
[Date "1991.07.31"]
[Round "4"]
[White "Moody, David"]
[Black "Keil, Helmut"]
[Result "1-0"]
[WhiteElo "2044"]
[BlackElo "1695"]
[PlyCount "97"]
[EventDate "1991.07.28"]

1. e4 c6 2. d4 d5 3. exd5 cxd5 4. Bd3 Nf6 5. Bf4 e6 6. c3 Bd6 7. Bxd6 Qxd6 8.
Nf3 Nbd7 9. O-O Ne4 10. Bxe4 dxe4 11. Ng5 Qf4 12. Qd2 Qxd2 13. Nxd2 f5 14. Nxe6
Kf7 15. Nc7 Rb8 16. Rae1 Nf6 17. Nb5 Rd8 18. f3 a6 19. Na3 exf3 20. Nxf3 Kg8
21. Ng5 b5 22. Nc2 h6 23. Ne6 Re8 24. Nc5 g6 25. Rxe8+ Nxe8 26. Re1 Kf7 27. Nb4
Rb6 28. Nd5 Re6 29. Nxe6 Bxe6 30. Nb4 Nc7 31. a3 a5 32. Nc6 a4 33. Nd8+ Kf6 34.
Nxe6 Nxe6 35. Re5 Nc7 36. Rc5 Ne6 37. Rxb5 Nf4 38. g3 Nd3 39. Kf1 h5 40. Ke2
Nc1+ 41. Kd2 Nb3+ 42. Rxb3 axb3 43. a4 Ke6 44. a5 Kd6 45. a6 Kc7 46. d5 h4 47.
d6+ Kxd6 48. a7 hxg3 49. hxg3 1-0

[Event "Thursday Octos #1"]
[Site "Los Angeles, Calif."]
[Date "1991.08.01"]
[Round "1"]
[White "Oshiro, Michael"]
[Black "Moody, David"]
[Result "1-0"]
[WhiteElo "2007"]
[BlackElo "2044"]
[PlyCount "91"]
[EventDate "1991.08.01"]

1. d4 Nf6 2. c4 c5 3. d5 e6 4. Nc3 exd5 5. cxd5 d6 6. e4 g6 7. Bd3 Bg7 8. Nge2
O-O 9. O-O Re8 10. Ng3 Ng4 11. h3 Ne5 12. Bc2 a6 13. a4 Qh4 14. Re1 Nbd7 15.
Nf1 c4 16. Be3 Nd3 17. Bxd3 cxd3 18. Qxd3 Ne5 19. Qe2 f5 20. f4 Nd7 21. exf5
gxf5 22. Qf3 Qd8 23. Ng3 Nf6 24. a5 Bd7 25. Bb6 Qc8 26. Rec1 Qc4 27. Rab1 Ne4
28. Ncxe4 fxe4 29. Rxc4 exf3 30. Rc7 Bb5 31. gxf3 Rac8 32. Rbc1 Rxc7 33. Rxc7
Bxb2 34. Kf2 Bf6 35. Ne4 Bh4+ 36. Ke3 Bd8 37. Rxb7 Bc4 38. Kd4 Bb5 39. Bxd8
Rxd8 40. f5 h5 41. f6 h4 42. Rg7+ Kh8 43. Ng5 Rd7 44. Nf7+ Rxf7 45. Rxf7 Bf1
46. Rg7 1-0

[Event "Thursday Octos #1"]
[Site "Los Angeles, Calif."]
[Date "1991.08.01"]
[Round "2"]
[White "Moody, David"]
[Black "McGruder, Collette"]
[Result "1-0"]
[WhiteElo "2044"]
[BlackElo "1969"]
[PlyCount "107"]
[EventDate "1991.08.01"]

1. e4 d5 2. Nc3 d4 3. Nce2 e5 4. Ng3 Nf6 5. Nf3 Bg4 6. Bc4 Bxf3 7. Qxf3 Nc6 8.
d3 Bb4+ 9. Kf1 Qd7 10. Bg5 Be7 11. Nf5 O-O 12. Qh3 Rad8 13. Qh4 Na5 14. Bb3
Nxb3 15. axb3 a6 16. Nxg7 Kxg7 17. Qh6+ Kg8 18. Bxf6 Bxf6 19. Qxf6 Qd6 20. Qxd6
Rxd6 21. Ke2 Kg7 22. Ra5 Kf6 23. f4 Rc6 24. fxe5+ Ke6 25. Kd2 Rg8 26. g3 Rg5
27. Rf1 b5 28. Rf6+ Kd7 29. Rxc6 Kxc6 30. Rxa6+ Kd7 31. Rf6 Ke7 32. Rf5 Rg6 33.
c3 dxc3+ 34. bxc3 Ra6 35. Rh5 h6 36. Ke3 Ra3 37. Rxh6 Rxb3 38. Kd4 c5+ 39. Kxc5
Rxc3+ 40. Kxb5 Rxd3 41. Kc4 Re3 42. Kd4 Re2 43. h4 Rg2 44. h5 Rxg3 45. Rh8 Rg4
46. h6 f5 47. exf6+ Kxf6 48. h7 Rh4 49. Rf8+ Kg7 50. h8=Q+ Rxh8 51. Rxh8 Kxh8
52. Ke5 Kg7 53. Kd6 Kf7 54. e5 1-0

[Event "U.S. Open"]
[Site "Los Angeles, Calif."]
[Date "1991.08.01"]
[Round "5"]
[White "Goddard, Mike"]
[Black "Moody, David"]
[Result "1/2-1/2"]
[WhiteElo "1800"]
[BlackElo "2044"]
[PlyCount "47"]
[EventDate "1991.07.28"]

1. e4 e5 2. Nf3 Nc6 3. Bb5 a6 4. Bxc6 dxc6 5. d4 exd4 6. Qxd4 Qxd4 7. Nxd4 Bd7
8. Nc3 O-O-O 9. Be3 Bd6 10. O-O-O Ne7 11. h3 Ng6 12. Nde2 Rhe8 13. f3 f6 14.
Bf2 Be6 15. h4 h6 16. Kb1 Bc4 17. h5 Nf4 18. Nxf4 Bxf4 19. b3 Bf7 20. Ne2 Be5
21. g4 Rxd1+ 22. Rxd1 Rd8 23. Rxd8+ Kxd8 24. c3 1/2-1/2

[Event "Thursday Octos #1"]
[Site "Los Angeles, Calif."]
[Date "1991.08.01"]
[Round "3"]
[White "Gelman, Charles"]
[Black "Moody, David"]
[Result "1-0"]
[WhiteElo "2019"]
[BlackElo "2044"]
[PlyCount "31"]
[EventDate "1991.08.01"]

1. d4 Nf6 2. c4 c5 3. Nf3 cxd4 4. Nxd4 Nc6 5. Nc3 d6 6. g3 Qb6 7. Be3 Nxd4 8.
Bxd4 Qc6 9. e4 Nxe4 10. Bg2 Bf5 11. Qd3 d5 12. cxd5 Nxc3 13. dxc6 Bxd3 14. cxb7
Rb8 15. bxc3 Ba6 16. Rb1 1-0

[Event "U.S. Open"]
[Site "Los Angeles, Calif."]
[Date "1991.08.02"]
[Round "6"]
[White "Moody, David"]
[Black "Parks, Fred"]
[Result "1/2-1/2"]
[WhiteElo "2044"]
[BlackElo "1786"]
[PlyCount "33"]
[EventDate "1991.07.28"]

1. e4 e5 2. Nf3 Nc6 3. d4 exd4 4. Bc4 d6 5. Nxd4 Nxd4 6. Qxd4 Be6 7. Bxe6 fxe6
8. Nc3 Nf6 9. Bg5 Be7 10. O-O-O O-O 11. e5 Ne8 12. Bxe7 Qxe7 13. f4 d5 14. g3
c5 15. Qd2 Nc7 16. Rhf1 b5 17. Qd3 1/2-1/2

[Event "Friday Action Hex"]
[Site "Los Angeles, Calif."]
[Date "1991.08.02"]
[Round "3"]
[White "Moody, David"]
[Black "Oshiro, Michael"]
[Result "0-1"]
[WhiteElo "2044"]
[BlackElo "2007"]
[PlyCount "32"]
[EventDate "1991.08.02"]

1. e4 c5 2. d4 cxd4 3. c3 dxc3 4. Nxc3 Nc6 5. Nf3 e6 6. Bf4 a6 7. Bc4 Nge7 8.
O-O Ng6 9. Bg3 Be7 10. Qe2 O-O 11. Rfd1 b5 12. Bb3 d6 13. Rac1 Bb7 14. e5 d5
15. Nxb5 axb5 16. Qxb5 Na5 0-1